书目信息 |
| 题名: |
电磁学习题选解
|
|
| 作者: | ;北京师范大学物理系电学组 编 | |
| 分册: | ||
| 出版信息: | 北京 北京师范大学出版社 1985.3 |
|
| 页数: | 221页 | |
| 开本: | 20cm | |
| 丛书名: | ||
| 单 册: | ||
| 中图分类: | O441-44 | |
| 科图分类: | ||
| 主题词: | 电磁学 , 电动力学 | |
| 电子资源: | ||
| ISBN: | ||
| 000 | 00629nam0 2200193 45 | |
| 001 | 0312221749 | |
| 005 | 20070923083350.96 | |
| 010 | @dCNY1.35 | |
| 100 | @a20031222d1985 km y0chiy0120 ea | |
| 101 | @achi | |
| 200 | 1 | @a电磁学习题选解@ADian Ci Xue Xi Ti Xuan Jie@f北京师范大学物理系电学组编@Fbei jing shi fan da xue wu li xi dian xue zu bian |
| 210 | @a北京@c北京师范大学出版社@d1985.3 | |
| 215 | @a221页@d20cm | |
| 606 | 0 | @a电磁学 |
| 606 | 0 | @a电动力学 |
| 690 | @aO441-44@v3 | |
| 711 | 0 | @a北京师范大学物理系电学组@Abei jing shi fan da xue wu li xi dian xue zu@4编 |
| 801 | @aCN@bTSTCL@c20070923 | |
| 905 | @a213230@dO441-44@e40 | |
| 电磁学习题选解/北京师范大学物理系电学组编.-北京:北京师范大学出版社,1985.3 |
| 221页;20cm |
| ISBN :CNY1.35 |
| ● |
| 相关链接 |
|
|
|
|
正题名:电磁学习题选解
索取号:O441-44/40
 
预约/预借
| 序号 | 登录号 | 条形码 | 馆藏地/架位号 | 状态 | 备注 |
| 1 | 0142484 | 202284081 | 密集书库/ [索取号:O441-44/40] | 在馆 | |
| 2 | 0142485 | 202284054 | 密集书库/ [索取号:O441-44/40] | 在馆 | |
| 3 | 0142486 | 202284090 | 密集书库/ [索取号:O441-44/40] | 在馆 | |
| 4 | 0142487 | 202284045 | 密集书库/ [索取号:O441-44/40] | 在馆 | |
| 5 | 0142488 | 202284009 | 密集书库/ [索取号:O441-44/40] | 在馆 | |
| 6 | 0142491 | 202283974 | 密集书库/ [索取号:O441-44/40] | 在馆 | |
| 7 | 0142492 | 202284018 | 密集书库/ [索取号:O441-44/40] | 在馆 | |
| 8 | 0233725 | 202248656 | 密集书库/ [索取号:O441-44/40] | 在馆 | |
| 9 | 0233730 | 202248683 | 密集书库/ [索取号:O441-44/40] | 在馆 | |
| 10 | 0233734 | 202248727 | 密集书库/ [索取号:O441-44/40] | 在馆 | |
| 11 | 626076 | 206260767 | 密集书库/ [索取号:O441-44/40] | 在馆 |